Sports Quiz

Random Sports or MLB Quiz

All-Time Home Run Derby Contestants Quiz Stats

 Plays Quiz not verified by Sporcle

Score 0/212 Timer 15:00
0 Plays Today
Player % Correct
Manny Ramirez
98.3%
Prince Fielder
98.3%
Prince Fielder
98.3%
Prince Fielder
98.3%
Barry Bonds
97.4%
Juan Gonzalez
97.4%
Barry Bonds
97.4%
Sammy Sosa
97.4%
Barry Bonds
97.4%
Sammy Sosa
97.4%
Sammy Sosa
97.4%
Sammy Sosa
97.4%
Barry Bonds
97.4%
Sammy Sosa
97.4%
Barry Bonds
97.4%
Barry Bonds
97.4%
Sammy Sosa
97.4%
David Ortiz
97.4%
David Ortiz
97.4%
Adrian Gonzalez
97.4%
David Ortiz
97.4%
Hanley Ramirez
97.4%
Adrian Gonzalez
97.4%
Mark McGwire
96.6%
Mark McGwire
96.6%
Ken Griffey Jr
96.6%
Cecil Fielder
96.6%
Cecil Fielder
96.6%
Mark McGwire
96.6%
Ken Griffey Jr
96.6%
Ken Griffey Jr
96.6%
Cecil Fielder
96.6%
Ken Griffey Jr
96.6%
Mark McGwire
96.6%
Mark McGwire
96.6%
Ken Griffey Jr
96.6%
Chipper Jones
96.6%
Ken Griffey Jr
96.6%
Mark McGwire
96.6%
Chipper Jones
96.6%
Ken Griffey Jr
96.6%
Mark McGwire
96.6%
Ken Griffey Jr
96.6%
Chipper Jones
96.6%
Luis Gonzalez
95.7%
Davis Ortiz
95.7%
Andruw Jones
95.7%
Josh Hamilton
95.7%
Davis Ortiz
95.7%
Albert Pujols
94.9%
Albert Pujols
94.9%
Albert Pujols
94.9%
Ryan Howard
94%
Ryan Howard
94%
Ryan Howard
94%
Jose Bautista
94%
Justin Morneau
93.2%
Justin Morneau
93.2%
Alex Rodriguez
92.3%
Vladimir Guerrero
92.3%
Alex Rodriguez
92.3%
Alex Rodriguez
92.3%
Vladimir Guerrero
92.3%
Ryan Braun
92.3%
Cal Ripken Jr.
91.5%
Cal Ripken Jr
91.5%
Cal Ripken Jr
91.5%
Frank Thomas
91.5%
Jeff Bagwell
91.5%
Frank Thomas
91.5%
Jeff Bagwell
91.5%
Player % Correct
Jeff Bagwell
91.5%
Jeff Bagwell
91.5%
Ivan Rodriguez
91.5%
Ivan Rodriguez
91.5%
Henry Rodriguez
90.6%
Jason Giambi
90.6%
Jason Giambi
90.6%
Jason Giambi
90.6%
Matt Holliday
90.6%
Matt Holliday
90.6%
Robinson Cano
90.6%
Matt Holliday
90.6%
Joe Carter
89.7%
Joe Carter
89.7%
Joe Carter
89.7%
Jim Thome
89.7%
Lance Berkman
89.7%
Lance Berkman
89.7%
Jim Thome
89.7%
Lance Berkman
89.7%
Lance Berkman
89.7%
Jim Thome
88.9%
Miguel Cabrera
88.9%
Miguel Cabrera
88.9%
Carlos Pena
88%
Larry Walker
87.2%
Larry Walker
87.2%
Larry Walker
87.2%
Edgar Martinez
87.2%
Matt Kemp
87.2%
Jose Canseco
86.3%
Jose Canseco
86.3%
Brady Anderson
86.3%
Tino Martinez
86.3%
Brady Anderson
86.3%
Todd Helton
86.3%
Garrett Anderson
86.3%
Bobby Abreu
86.3%
David Wright
86.3%
Carlos Delgado
85.5%
Carlos Delgado
85.5%
Rafael Palmeiro
83.8%
Rafael Palmeiro
83.8%
Chase Utley
83.8%
Evan Longoria
83.8%
Joe Mauer
83.8%
Mo Vaughn
82.1%
Greg Vaughn
82.1%
Miguel Tejada
82.1%
Miguel Tejada
82.1%
Darryl Strawberry
81.2%
Darryl Strawberry
81.2%
Albert Belle
81.2%
Albert Belle
81.2%
Albert Belle
81.2%
Gary Sheffield
80.3%
Gary Sheffield
80.3%
Gary Sheffield
80.3%
Magglio Ordonez
80.3%
Mike Piazza
79.5%
Mike Piazza
79.5%
Paul Konerko
79.5%
Vernon Wells
79.5%
Rickie Weeks
79.5%
George Bell
78.6%
George Bell
78.6%
Mark Teixeira
77.8%
Jay Buhner
76.9%
Jermaine Dye
76.9%
Chris Young
76.9%
Troy Glaus
76.1%
Player % Correct
Troy Glaus
76.1%
Corey Hart
76.1%
Jason Bay
75.2%
Nick Swisher
75.2%
Ryne Sandberg
73.5%
Andre Dawson
73.5%
Ryne Sandberg
73.5%
Nomar Garciaparra
73.5%
Nomar Garciaparra
73.5%
Jim Edmonds
73.5%
Dante Bichette
72.6%
Dan Uggla
72.6%
Grady Sizemore
72.6%
Nelson Cruz
71.8%
Jim Rice
70.9%
Bo Jackson
70.1%
Howard Johnson
70.1%
Howard Johnson
70.1%
Richie Sexson
70.1%
Richie Sexson
70.1%
Carlos Lee
70.1%
Bobby Bonilla
69.2%
Fred McGriff
69.2%
Bobby Bonilla
69.2%
Fred McGriff
69.2%
Dale Murphy
66.7%
Eddie Murray
65.8%
Eric Davis
65.8%
Glenn Davis
65.8%
Matt Williams
65.8%
Vinny Castilla
65%
Shawn Green
65%
Bret Boone
64.1%
Torii Hunter
64.1%
Bret Boone
64.1%
Jack Clark
62.4%
David Justice
62.4%
Brandon Inge
60.7%
Kevin Mitchell
59%
Alex Rios
57.3%
Moises Alou
54.7%
Javy Lopez
52.1%
Ellis Burks
50.4%
Jeromy Burnitz
49.6%
Jesse Barfield
47.9%
Carlton Fisk
45.3%
Raul Mondesi
43.6%
Paul O'Neill
42.7%
Gary Gaetti
41.9%
Dave Parker
41%
Dave Parker
41%
Ruben Sierra
41%
Ruben Sierra
41%
Chris Sabo
40.2%
Carl Everett
34.2%
Hank Blalock
34.2%
Wally Joyner
33.3%
Ray Lankford
33.3%
Reggie Sanders
31.6%
Mickey Tettleton
29.9%
John Jaha
29.9%
Steve Garvey
27.4%
Ron Gant
27.4%
Danny Tartabull
26.5%
Hee-Seop Choi
26.5%
Tom Brunansky
25.6%
BJ Surhoff
25.6%
Damion Easley
17.9%
Hubie Brooks
17.1%
Ozzie Virgil Jr
15.4%

You're not logged in!

Compare scores with friends on all Sporcle quizzes.
OR
Log In

Show Comments

Extras

Top Quizzes Today


Score Distribution

Your Account Isn't Verified!

In order to create a playlist on Sporcle, you need to verify the email address you used during registration. Go to your Sporcle Settings to finish the process.

Report this User

Report this user for behavior that violates our Community Guidelines.

Details: